000 00636nam a2200241 a 4500
001 0001-1144
003 ELIB.Books
008 150505 2010 eng
020 _a0891350969
035 _a(ELIB.Books)0001-1299
092 _a268
_bMil
100 _aMiller, Randolph Crump
245 _aTheologies of Religious Education
260 _aBirmingham
_bReligious Education Press
_c1995
300 _a378
_c23 Cm
500 _aC/o Moe Lwei
650 _aEducation
856 _nKBTS: Library
_uKBTS: Elib
942 _2ddc
_cBK
990 _a3
998 _cbat
_e2015-05-05
_mcat
_u2019-06-26
999 _c11144
_d11144